00409nam a22001337a 450000500170000000800410001704100120005808200130007010000120008324500400009526000860013530000290022165000250025020240821063403.0240821b |||||||| |||| 00| 0 eng d aEnglish a349 LAW  lEnglish aThe Law Reports: Exchequer Division aLondon: bThe Incorporated Council of Law Reporting for England and Wales, c1877 bxx, 487 pages; c25 cm.  aLegal practice bLaw